000 00359pab a2200133 454500
008 180718b xxu||||| |||| 00| 0 eng d
100 _aGiri, Ananta
245 _aHousing movements in contemporary India: Some examples from Kerala
650 _a Shelter
650 _a Building
650 _aHousing - India - Kerala
773 _aSocial Action
909 _a24215
999 _c24215
_d24215